000 00728nam a2200265Ia 4500
003 OSt
005 20221006151224.0
006 a|||||r|||| 00| 0
007 ta
008 221006b |||||||| |||| 00| 0 jpn d
020 _c¥850
024 _a21,357
037 _bGift, Japan Foundation
_cTextual
040 _aEASL
_cEASL
_bjpn
041 _2jpn
_ajpn
082 _aY31:(D854).42.Y.N7, L5
100 _aAVAHATA Kanson
_9658618
245 0 _aYanaka mura metsuboshi
260 _aTokyo
_bShinsensha Japan
_c1975
300 _a197p.
_ccm.
490 _v JL
650 _aJL
942 _hY31:(D854).42.Y.N7, L5
_cTEXL
_2CC
999 _c1089443
_d1089443